| 000 | 00728nam a2200193Ia 4500 | ||
|---|---|---|---|
| 008 | 151121s9999||||xx |||||||||||||| ||und|| | ||
| 082 | _a021/कोल्हट | ||
| 082 | _bHNW-14424 | ||
| 100 | _aकोल्हटकर वा।पु। | ||
| 245 | _aग्रंथालयीन वर्गीकरण | ||
| 260 | _b"एन्। के पब्लिशिंग हाऊस, पुणे।" | ||
| 260 | _c-- | ||
| 300 | _a24 | ||
| 600 | _aकोल्हटकर वा।पु। | ||
| 630 | _aग्रंथालयीन वर्गीकरण | ||
| 700 | _aकोल्हटकर वा।पु। | ||
| 730 | _aग्रंथालयीन वर्गीकरण | ||
| 942 | _cBOOK | ||
| 999 |
_c1218113 _d1218110 |
||